Desingularization strategies for three-dimensional vector fields

Αποθηκεύτηκε σε:
Λεπτομέρειες βιβλιογραφικής εγγραφής
Κύριος συγγραφέας: Cano Torres, Felipe 1957-
Μορφή: Βιβλίο
Γλώσσα:English
Δημοσίευση: Berlin : Springer-Verlag, c1987
Σειρά:Lecture notes in mathematics (Springer-Verlag) ; 1259
Θέματα:
Ετικέτες: Προσθήκη ετικέτας
Δεν υπάρχουν, Καταχωρήστε ετικέτα πρώτοι!

MARC

LEADER 00000nam a2200000 i 4500
001 1/27121
008 941103s1987 eng d
020 |a 3-540-17944-5 
035 |a 1993  |l 10037750 
040 |a GR-MY-UA  |b gre  |e aacr 
041 0 |a eng 
082 0 |a 514.7 
100 1 |a Cano Torres, Felipe  |d 1957- 
245 1 0 |a Desingularization strategies for three-dimensional vector fields /  |c Felipe Cano Torres 
260 |a Berlin :   |b Springer-Verlag,   |c c1987 
300 |a ix, 194 p.;  |c 25 cm. 
490 1 |a Lecture notes in mathematics (Springer-Verlag)  |v ; 1259 
500 |a "Subseries: Instituto de Mathematica Pura e Applicada, Rio de Janeiro" 
500 |a Includes bibliographical references and index 
650 0 0 |a Vector fields. 
650 0 0 |a Singularities (Mathematics) 
830 0 |a Lecture notes in mathematics (Springer-Verlag)  |v ; 1259 
852 |a INST  |b SAMOS  |e 19941103  |h 514.7 CAN  |p 005300007739  |q 005300007739  |t BK  |y 0 
909 |a Σ  |b 029132